Standard handbook for civil engineers /

שמור ב:
מידע ביבליוגרפי
מחברים אחרים: Merritt, Frederick S.
פורמט: ספר
שפה:English
יצא לאור: New York : McGraw-Hill, c1983.
מהדורה:3rd ed.
נושאים:
LEADER 01138nam a2200325 a 4500
001 c000170751
003 CARM
005 20001009201306.0
008 820916s1983 nyua b 001 0 eng
010 |a 82014902 
019 1 |a 2309512  |z 43399508  |5 LACONCORD2021 
020 |a 0070415153  |c $76.00 
020 |a 0070415153 
035 |a (OCoLC)8707961  |5 LACONCORD2021 
040 |a LC  |b eng  |c LC  |d SFU 
050 4 |a TA151  |b .S8 1983 
050 0 0 |a TA151  |b .S8 1983 
050 1 4 |a TA151  |b .S8 1983 
082 0 4 |a 624  |2 19 
082 0 4 |a 624 
245 0 0 |a Standard handbook for civil engineers /  |c Frederick S. Merritt, editor. 
250 |a 3rd ed. 
260 |a New York :  |b McGraw-Hill,  |c c1983. 
300 |a 1 v. (various pagings) :  |b ill. ;  |c 25 cm. 
504 |a Includes bibliographical references and index. 
650 0 |a Civil engineering  |x Handbooks, manuals, etc. 
700 1 |a Merritt, Frederick S. 
852 8 |b CARM  |h A2:AN26D0  |i C06095  |p 0235173  |f BK 
999 f f |i 4fa9eb08-6a81-52f6-82ac-db0c4a8a3d1e  |s a26d1219-6b69-5d9d-a44b-f22a7cd82533 
952 f f |p Can circulate  |a CAVAL  |b CAVAL  |c CAVAL  |d CARM 1 Store  |e C06095  |f A2:AN26D0  |h Other scheme  |i book  |m 0235173